000 00869nam a2200289Ia 4500
001 Z_5553
003 CHAP
008 220113s2006 xx 000 0 und d
010 _a168647
020 _a978-970-10-5753-7
040 _cCHAP
082 _a300.18 H4 2006
100 _aHernández Sampieri, Roberto
_954596
245 _aMetodología de la investigación /
_cpor Roberto Hernández Sampieri, Carlos Fernández Collado y Pilar Baptista Lucio
250 _a4 ed.
260 _aMéxico, D.F. :
_bMcGraw-Hill,
_c2006
300 _a850 p. :
_bilus. ; gráfs. ; cuadros; + 1 disco compacto
503 _ac/e
600 _aI.Fernández Collado, Carlos II.Baptista Lucio, Pilar
_9142933
650 _aI. Investigación
_xMetodología
_9142934
901 _a300.18 H4 2006
902 _aA
910 _a2006
942 _c1
942 _cc1
999 _c168647
_d168647